| 000 | 00908nam a2200289Ia 4500 | ||
|---|---|---|---|
| 003 | OSt | ||
| 005 | 20220928121131.0 | ||
| 006 | a|||||r|||| 00| 0 | ||
| 007 | ta | ||
| 008 | 220927b |||||||| |||| 00| 0 eng d | ||
| 020 | _c475 | ||
| 024 | _a100276 | ||
| 037 |
_b436, 21/10/2009, Pioneer Book Distributors _cTextual |
||
| 040 |
_aSDCL _cSDCL _beng |
||
| 041 |
_2eng _aeng |
||
| 082 | _aX:8:(B2894), P7 | ||
| 100 |
_aBalakrishnan Nagraj _9451588 |
||
| 245 | 0 | _aManagerial decision modeling with spreadsheets. Ed.2 | |
| 250 | _a2 | ||
| 260 |
_aDelhi _bPearson Education _c2007 |
||
| 300 |
_axii,651p _ccm. |
||
| 650 |
_aCommerce _9353036 |
||
| 700 |
_a Render Barry _9424122 |
||
| 700 |
_a Stair Ralph M _9451589 |
||
| 942 |
_hX:8:(B2894), P7 _cTEXL _2CC |
||
| 999 |
_c765634 _d765634 |
||